000 01290nam a2200217 a 4500
001 001190934
003 AM-YEHGA
005 20251015113537.0
008 161118s2016 ai ||||frm||||000|0|arm|d
040 _aAM-YEHGA
041 0 _aarm
100 1 _aՄկրտումյան Գայանե Սերգեյի
245 1 0 _aՀրովարտակ-պայմանագրերը որպես վաղ շրջանի հայ-արաբական հարաբերությունների աղբյուր :
_bԱտենախոսություն - Է.00.05 «Պատմագիտություն, աղբյուրագիտություն» մասնագիտությամբ պատմական գիտությունների թեկնածուի /
_cԳ.Ս. Մկրտումյան; ՀՀ ԳԱԱ Արևելագիտության ինստիտուտ.
260 _aԵրևան,
_bԱ. հ.,
_c2016.
300 _a144 էջ
502 _aՀՀ Գիտությունների ազգային ակադեմիա, Արևելագիտության ինստիտուտ
502 _aԳիտական ղեկավար՝ պատմական գիտությունների դոկտոր, պրոֆեսոր Ն.Հ. Հովհաննիսյան
650 1 4 _aՊատմագիտություն, աղբյուրագիտություն
655 4 _aԱտենախոսություններ
942 _cTH
_2udc
999 _c535579
_d535579